| 000 | 00614nam a2200205Ia 4500 | ||
|---|---|---|---|
| 008 | 170504s9999 xx 000 0 und d | ||
| 050 | _aTS 155 | ||
| 050 | _b.N459 2016 | ||
| 100 | _aNicolas, John Benedict H. | ||
| 245 | _aQuality monitoring system for southville international school and colleges / | ||
| 245 | _cJohn Benedict H. Nicolas. | ||
| 260 | _aLas PiƱas, Philippines : | ||
| 260 | _bSISC, | ||
| 260 | _c2016. | ||
| 300 | _a459 pages : | ||
| 300 | _billustrations ; | ||
| 300 | _c28 cm. | ||
| 500 | _aIncludes bibliographical references and appendices. | ||
| 521 | _aInformation Technology | ||
| 999 |
_c329734 _d329734 |
||